|
|
|
|
| LEADER |
00000nam0a2200000 4500 |
| 001 |
153957 |
| 005 |
20231101221729.0 |
| 029 |
1 |
0 |
|a RU
|b 2881-2004
|c МИ
|
| 035 |
|
|
|a (RuTPU)RU\TPU\book\167007
|
| 090 |
|
|
|a 153957
|
| 100 |
|
|
|a 20090219d2004 k a0rusy50 ca
|
| 101 |
0 |
|
|a rus
|
| 102 |
|
|
|a RU
|
| 105 |
|
|
|a y l 001zy
|
| 122 |
2 |
|
|a d2007121020
|a d2007121020
|
| 200 |
1 |
|
|a Методики количественного химического анализа. Процедуры проверки приемлемости результатов анализа
|e рекомендация МИ 2881-2004
|f Уральский научно-исследовательский институт метрологии (УНИИМ)
|
| 205 |
|
|
|a Изд. офиц.
|
| 210 |
|
|
|a Екатеринбург
|c УНИИМ
|d 2004
|
| 215 |
|
|
|a 15 с.
|
| 225 |
1 |
|
|a Государственная система обеспечения единства измерений
|
| 300 |
|
|
|a Утверждена 20.06.2004 г., введена впервые.
|
| 320 |
|
|
|a Условные обозначения и сокращения: с. 9.
|
| 606 |
1 |
|
|a Количественный анализ
|x Обработка результатов
|2 stltpush
|3 (RuTPU)RU\TPU\subj\14719
|9 41073
|
| 610 |
1 |
|
|a количественный химический анализ
|
| 610 |
1 |
|
|a результаты
|
| 610 |
1 |
|
|a приемлемость
|
| 610 |
1 |
|
|a проверка
|
| 610 |
1 |
|
|a рекомендации
|
| 610 |
1 |
|
|a МИ 2881-2004
|
| 610 |
1 |
|
|a обработка
|
| 675 |
|
|
|a 543.062
|v 3
|
| 712 |
0 |
2 |
|a Уральский научно-исследовательский институт метрологии (УНИИМ)
|c (Екатеринбург)
|c (1992- )
|2 stltpush
|3 (RuTPU)RU\TPU\col\14082
|
| 801 |
|
1 |
|a RU
|b 63413507
|c 20090219
|g PSBO
|
| 801 |
|
2 |
|a RU
|b 63413507
|c 20221208
|g PSBO
|
| 942 |
|
|
|c BK
|